LEADER 01187nam a2200301 a 4500 001 000000126246 003 CaOOAMICUS 005 20110908142635.0 008 110908s2007 it b u000 u ita r 020 $a978-88-430-4396-5 040 $aPUL$bita 082 04$a035 100 1 $aFerrari, Aldo.$0(OLS)http://pul/name/69265 245 10$aBreve storia del Caucaso /$cAldo Ferrari. 260 $aRoma :$bCarocci,$c©2007. 300 $a152 p. :$bc. geogr. ;$c22 cm. 490 1 $aQuality paperbacks ;$v222 504 $aComprende riferimenti bibliografici e indice. 651 4$aCaucaso$xStoria.$0(OLS)http://pul/subject/38203 830 0$aQuality paperbacks (Carocci) ;$v222.$0(OLS)http://pul/title/103487 850 $aPUL 852 $aPUL$W1$xDP2 Cons. Gen., Altre Classi 3$y97$m035 COLL 1.222$j145612$qDDC 21$B144472$CPULBib$Z2$F144472 $H116134 $82 941 1 $a9 996 $6020$a978-88-430-4396-5$9(OLS)http://pul/number/147924 996 $6082$a035$9(OLS)http://pul/classification/471 996 $6245$aBreve storia del Caucaso$9(OLS)http://pul/title/159417 996 $6260$aRoma :$bCarocci$9(OLS)http://pul/publisher/66917 LEADER 01324nam a2200313 u 4500 001 000000016446 003 CaOOAMICUS 005 20070226110008.0 008 941010s1993 gw u000 u grc u 020 $a3525534310 035 $a10385649 040 $aPUL$bita 041 0 $agrc$ager 130 0 $aBiblia.$pV.T.$pNehemia.$lGreco.$0(OLS)http://pul/title/158556 245 10$aEsdrae liber II /$cedidit Robert Hanhart. 260 $aGöttingen :$bVandenhoeck & Ruprecht,$c1993. 300 $a249 p. ;$c24 cm 490 1 $aSeptuaginta : Vetus Testamentum Graecum ;$v8,2 630 04$aBiblia.$pV.T.$pNehemia$xCritica e interpretazione.$0(OLS)http://pul/subject/37772 700 1 $aHanhart, Robert,$d1925-$0(OLS)http://pul/name/1537 710 2 $aAkademie der Wissenschaften in Göttingen.$0(OLS)http://pul/name/749 830 0$aSeptuaginta : Vetus Testamentum Graecum ;$v8,2.$0(OLS)http://pul/title/267 850 $aPUL 852 $aPUL$W1$xSL Religione 1$y3$m5 R 8(2)$j23155$nBK-PRI$b $qStampati$B23155$CPULBib$Z2$F23155 $H $81 941 1 $a8 961 $aINV: 82657 996 $6020$a3525534310$9(OLS)http://pul/number/21093 996 $6245$aEsdrae liber II$9(OLS)http://pul/title/23479 996 $6260$aGöttingen :$bVandenhoeck & Ruprecht$9(OLS)http://pul/publisher/47973